Premier League appearances for players - Statistics

General Stats
  • This quiz has been taken 15 times
  • The average score is 10 of 20
Answer Stats
Appearances Nationality Answer % Correct
632 Wales Ryan Giggs
93%
491 England Wayne Rooney
86%
609 England Frank Lampard
79%
504 England Steven Gerrard
79%
572 England David James
64%
653 England Gareth Barry
64%
492 England John Terry
64%
499 England Paul Scholes
64%
514 Australia Mark Schwarzer
57%
505 England Phil Neville
57%
504 England Rio Ferdinand
57%
535 Wales Gary Speed
50%
562 England James Milner
36%
516 England Emile Heskey
29%
503 England Sol Campbell
29%
508 England Jamie Carragher
21%
496 England Jermaine Defoe
21%
481 England Michael Carrick
14%
468 England Peter Crouch
7%
469 France Sylvain Distin
7%
No matching quizzes found
Score Distribution
Percent of People with Each Score
Percentile by Number Answered
Your Score History
You have not taken this quiz